[Event "ODJM A 2025"]
[Site "Willingen GER"]
[Date "2025.06.11"]
[Round "5"]
[White "Vortmeier, Jan"]
[Black "Köhler, Lukas"]
[Result "1/2-1/2"]
[Termination "normal"]
[Board "3"]
[WhiteElo "2039"]
[BlackElo "2043"]
[WhiteClock "00:36:05"]
[BlackClock "00:36:28"]
[PlyCount "44"]
[WhiteFideId "16261321"]
[BlackFideId "16221990"]
[EventCountry "GER"]
[EventRounds "9"]
[EventType "swiss"]
[EventDate "2025.06.07"]

1. c4 {[%clk 01:30:48]} {[%emt 00:00:11]} Nf6 {[%clk 01:30:30]} {[%emt
00:00:31]} 2. g3 {[%clk 01:31:10]} {[%emt 00:00:07]} e6 {[%clk 01:29:59]}
{[%emt 00:01:02]} 3. Bg2 {[%clk 01:31:26]} {[%emt 00:00:14]} d5 {[%clk
01:30:10]} {[%emt 00:00:18]} 4. Nf3 {[%clk 01:31:47]} {[%emt 00:00:09]} Be7
{[%clk 01:30:22]} {[%emt 00:00:18]} 5. O-O {[%clk 01:32:06]} {[%emt 00:00:11]}
O-O {[%clk 01:30:38]} {[%emt 00:00:15]} 6. b3 {[%clk 01:32:26]} {[%emt
00:00:09]} d4 {[%clk 01:30:50]} {[%emt 00:00:18]} 7. e3 {[%clk 01:32:49]}
{[%emt 00:00:07]} c5 {[%clk 01:31:00]} {[%emt 00:00:20]} 8. Ne5 {[%clk
01:33:09]} {[%emt 00:00:10]} Nfd7 {[%clk 01:30:51]} {[%emt 00:00:39]} 9. exd4
{[%clk 01:32:06]} {[%emt 00:01:33]} cxd4 {[%clk 01:31:13]} {[%emt 00:00:09]}
10. Nxd7 {[%clk 01:30:15]} {[%emt 00:02:20]} Qxd7 {[%clk 01:31:35]} {[%emt
00:00:08]} 11. Ba3 {[%clk 01:21:22]} {[%emt 00:09:23]} Nc6 {[%clk 01:27:46]}
{[%emt 00:04:19]} 12. Bxe7 {[%clk 01:20:36]} {[%emt 00:01:16]} Qxe7 {[%clk
01:27:45]} {[%emt 00:00:31]} 13. d3 {[%clk 01:16:47]} {[%emt 00:04:18]} Bd7
{[%clk 01:08:26]} {[%emt 00:19:49]} 14. a3 {[%clk 01:13:41]} {[%emt 00:03:36]}
a5 {[%clk 01:05:57]} {[%emt 00:03:00]} 15. Nd2 {[%clk 01:12:00]} {[%emt
00:02:34]} Rad8 {[%clk 01:01:16]} {[%emt 00:04:48]} 16. Qc2 {[%clk 01:08:50]}
{[%emt 00:03:39]} e5 {[%clk 00:53:43]} {[%emt 00:08:04]} 17. c5 {[%clk
01:06:14]} {[%emt 00:03:06]} f5 {[%clk 00:49:48]} {[%emt 00:04:25]} 18. b4
{[%clk 01:04:36]} {[%emt 00:02:07]} e4 {[%clk 00:44:35]} {[%emt 00:05:44]} 19.
dxe4 {[%clk 01:01:42]} {[%emt 00:03:23]} f4 {[%clk 00:42:42]} {[%emt 00:02:24]}
20. e5 {[%clk 00:56:29]} {[%emt 00:05:43]} Nxe5 {[%clk 00:39:48]} {[%emt
00:03:23]} 21. Rfe1 {[%clk 00:47:21]} {[%emt 00:09:38]} Qf6 {[%clk 00:36:37]}
{[%emt 00:03:41]} 22. Bd5+ {[%clk 00:36:05]} {[%emt 00:11:47]} Kh8 {[%clk
00:36:28]} {[%emt 00:00:39]} 1/2-1/2

[Event "ODJM A 2025"]
[Site "Willingen GER"]
[Date "2025.06.11"]
[Round "5"]
[White "Kliashtornyi, Arkadii"]
[Black "Walz, Fabian"]
[Result "1-0"]
[Termination "normal"]
[Board "4"]
[WhiteElo "2194"]
[BlackElo "1960"]
[WhiteClock "00:30:19"]
[BlackClock "01:09:39"]
[PlyCount "93"]
[WhiteFideId "34119698"]
[BlackFideId "34618520"]
[EventCountry "GER"]
[EventRounds "9"]
[EventType "swiss"]
[EventDate "2025.06.07"]

1. d4 {[%clk 01:30:56]} {[%emt 00:00:02]} d5 {[%clk 01:30:46]} {[%emt
00:00:14]} 2. c4 {[%clk 01:31:12]} {[%emt 00:00:15]} e6 {[%clk 01:31:09]}
{[%emt 00:00:05]} 3. Nc3 {[%clk 01:31:36]} {[%emt 00:00:06]} Nf6 {[%clk
01:31:34]} {[%emt 00:00:06]} 4. cxd5 {[%clk 01:32:02]} {[%emt 00:00:05]} exd5
{[%clk 01:31:57]} {[%emt 00:00:06]} 5. Bg5 {[%clk 01:32:27]} {[%emt 00:00:05]}
Be7 {[%clk 01:32:20]} {[%emt 00:00:07]} 6. e3 {[%clk 01:32:41]} {[%emt
00:00:16]} O-O {[%clk 01:32:40]} {[%emt 00:00:10]} 7. Qc2 {[%clk 01:32:14]}
{[%emt 00:00:57]} c6 {[%clk 01:32:55]} {[%emt 00:00:14]} 8. Bd3 {[%clk
01:32:40]} {[%emt 00:00:05]} h6 {[%clk 01:33:18]} {[%emt 00:00:06]} 9. Bf4
{[%clk 01:31:11]} {[%emt 00:02:00]} Nbd7 {[%clk 01:28:30]} {[%emt 00:05:17]}
10. Nf3 {[%clk 01:29:37]} {[%emt 00:02:05]} Re8 {[%clk 01:28:26]} {[%emt
00:00:32]} 11. O-O {[%clk 01:29:18]} {[%emt 00:00:50]} Nh5 {[%clk 01:23:26]}
{[%emt 00:05:29]} 12. Nxd5 {[%clk 01:28:22]} {[%emt 00:01:27]} Nxf4 {[%clk
01:20:51]} {[%emt 00:03:04]} 13. Nxf4 {[%clk 01:27:15]} {[%emt 00:01:37]} Bd6
{[%clk 01:20:28]} {[%emt 00:00:53]} 14. Ne2 {[%clk 01:24:27]} {[%emt 00:03:18]}
Nb6 {[%clk 01:16:56]} {[%emt 00:04:03]} 15. Nc3 {[%clk 01:15:52]} {[%emt
00:09:05]} Bg4 {[%clk 01:13:12]} {[%emt 00:04:13]} 16. Be4 {[%clk 01:10:33]}
{[%emt 00:05:50]} Qc7 {[%clk 01:01:07]} {[%emt 00:12:36]} 17. h3 {[%clk
01:06:57]} {[%emt 00:04:05]} Be6 {[%clk 01:01:28]} {[%emt 00:00:07]} 18. a4
{[%clk 01:03:22]} {[%emt 00:04:07]} Qd7 {[%clk 00:59:37]} {[%emt 00:02:19]} 19.
a5 {[%clk 00:58:34]} {[%emt 00:05:19]} Nd5 {[%clk 00:58:39]} {[%emt 00:01:27]}
20. Ne5 {[%clk 00:48:40]} {[%emt 00:10:26]} Qc7 {[%clk 00:48:29]} {[%emt
00:10:38]} 21. Nxd5 {[%clk 00:37:47]} {[%emt 00:11:25]} Bxd5 {[%clk 00:48:36]}
{[%emt 00:00:22]} 22. Bxd5 {[%clk 00:37:15]} {[%emt 00:01:03]} cxd5 {[%clk
00:49:00]} {[%emt 00:00:05]} 23. Qxc7 {[%clk 00:37:27]} {[%emt 00:00:19]} Bxc7
{[%clk 00:49:24]} {[%emt 00:00:05]} 24. Nd3 {[%clk 00:37:08]} {[%emt 00:00:49]}
Bd6 {[%clk 00:45:49]} {[%emt 00:04:05]} 25. a6 {[%clk 00:30:10]} {[%emt
00:07:29]} b6 {[%clk 00:42:02]} {[%emt 00:04:16]} 26. Rfc1 {[%clk 00:28:08]}
{[%emt 00:02:33]} Rac8 {[%clk 00:42:17]} {[%emt 00:00:14]} 27. Rxc8 {[%clk
00:27:26]} {[%emt 00:01:13]} Rxc8 {[%clk 00:42:18]} {[%emt 00:00:28]} 28. Rc1
{[%clk 00:22:35]} {[%emt 00:05:21]} Rxc1+ {[%clk 00:39:46]} {[%emt 00:03:02]}
29. Nxc1 {[%clk 00:23:04]} {[%emt 00:00:01]} f6 {[%clk 00:40:07]} {[%emt
00:00:09]} 30. Ne2 {[%clk 00:22:09]} {[%emt 00:01:25]} Kf7 {[%clk 00:40:30]}
{[%emt 00:00:06]} 31. Nc3 {[%clk 00:18:59]} {[%emt 00:03:42]} Ke6 {[%clk
00:38:14]} {[%emt 00:02:44]} 32. b4 {[%clk 00:16:27]} {[%emt 00:03:03]} h5
{[%clk 00:37:11]} {[%emt 00:01:32]} 33. Kf1 {[%clk 00:15:30]} {[%emt 00:01:28]}
g5 {[%clk 00:37:10]} {[%emt 00:00:31]} 34. f3 {[%clk 00:11:43]} {[%emt
00:04:17]} f5 {[%clk 00:37:06]} {[%emt 00:00:34]} 35. h4 {[%clk 00:08:55]}
{[%emt 00:03:18]} g4 {[%clk 00:36:56]} {[%emt 00:00:40]} 36. Nb5 {[%clk
00:07:01]} {[%emt 00:02:25]} Bb8 {[%clk 00:37:06]} {[%emt 00:00:20]} 37. f4
{[%clk 00:05:43]} {[%emt 00:01:49]} Kd7 {[%clk 00:37:16]} {[%emt 00:00:19]} 38.
Nc3 {[%clk 00:05:58]} {[%emt 00:00:16]} Ke6 {[%clk 00:37:32]} {[%emt 00:00:12]}
39. Ke2 {[%clk 00:05:37]} {[%emt 00:00:52]} Bd6 {[%clk 00:37:31]} {[%emt
00:00:32]} 40. Nb5 {[%clk 00:05:38]} {[%emt 00:00:28]} Bb8 {[%clk 00:37:55]}
{[%emt 00:00:07]} 41. Kd3 {[%clk 00:04:02]} {[%emt 00:02:05]} Kd7 {[%clk
00:38:13]} {[%emt 00:00:12]} 42. Nc3 {[%clk 00:03:43]} {[%emt 00:00:50]} Ke6
{[%clk 00:38:34]} {[%emt 00:00:09]} 43. Kc2 {[%clk 00:01:54]} {[%emt 00:02:19]}
Bd6 {[%clk 00:38:51]} {[%emt 00:00:12]} 44. Kb3 {[%clk 00:30:26]} {[%emt
00:01:59]} Bc7 {[%clk 01:09:08]} {[%emt 00:00:12]} 45. Ka4 {[%clk 00:30:07]}
{[%emt 00:00:49]} Kd6 {[%clk 01:09:18]} {[%emt 00:00:20]} 46. Nb5+ {[%clk
00:30:01]} {[%emt 00:00:37]} Kc6 {[%clk 01:09:39]} {[%emt 00:00:07]} 47. Nxa7+
{[%clk 00:30:19]} {[%emt 00:00:13]} 1-0

[Event "ODJM A 2025"]
[Site "Willingen GER"]
[Date "2025.06.11"]
[Round "5"]
[White "Mimkes, Antal"]
[Black "Melde, Benjamin"]
[Result "1-0"]
[Termination "normal"]
[Board "5"]
[WhiteElo "2074"]
[BlackElo "2065"]
[WhiteClock "00:15:05"]
[BlackClock "00:03:02"]
[PlyCount "137"]
[WhiteFideId "16265963"]
[BlackFideId "12958816"]
[EventCountry "GER"]
[EventRounds "9"]
[EventType "swiss"]
[EventDate "2025.06.07"]

1. e4 {[%clk 01:30:54]} {[%emt 00:00:06]} c5 {[%clk 01:30:53]} {[%emt
00:00:07]} 2. a3 {[%clk 01:30:59]} {[%emt 00:00:25]} e5 {[%clk 01:26:03]}
{[%emt 00:05:20]} 3. Nf3 {[%clk 01:28:14]} {[%emt 00:03:15]} Nc6 {[%clk
01:26:26]} {[%emt 00:00:06]} 4. b4 {[%clk 01:27:30]} {[%emt 00:01:15]} cxb4
{[%clk 01:26:42]} {[%emt 00:00:16]} 5. axb4 {[%clk 01:27:51]} {[%emt 00:00:07]}
Bxb4 {[%clk 01:26:54]} {[%emt 00:00:18]} 6. c3 {[%clk 01:28:06]} {[%emt
00:00:15]} Ba5 {[%clk 01:21:06]} {[%emt 00:06:17]} 7. Bc4 {[%clk 01:15:13]}
{[%emt 00:13:23]} Nf6 {[%clk 01:15:36]} {[%emt 00:06:00]} 8. Ba3 {[%clk
01:13:57]} {[%emt 00:01:46]} d6 {[%clk 01:15:31]} {[%emt 00:00:35]} 9. O-O
{[%clk 01:07:53]} {[%emt 00:06:34]} O-O {[%clk 01:11:11]} {[%emt 00:04:52]} 10.
d4 {[%clk 01:05:11]} {[%emt 00:03:11]} Bg4 {[%clk 01:06:51]} {[%emt 00:04:50]}
11. dxe5 {[%clk 00:46:29]} {[%emt 00:19:13]} Bxf3 {[%clk 00:53:50]} {[%emt
00:13:31]} 12. gxf3 {[%clk 00:46:00]} {[%emt 00:00:59]} Nxe5 {[%clk 00:54:12]}
{[%emt 00:00:08]} 13. Be2 {[%clk 00:41:40]} {[%emt 00:04:50]} Nh5 {[%clk
00:38:06]} {[%emt 00:16:36]} 14. Qd2 {[%clk 00:24:28]} {[%emt 00:17:42]} Qf6
{[%clk 00:30:41]} {[%emt 00:07:56]} 15. Bc1 {[%clk 00:22:16]} {[%emt 00:02:41]}
Nc6 {[%clk 00:25:31]} {[%emt 00:05:39]} 16. Qd5 {[%clk 00:15:09]} {[%emt
00:07:38]} Qg6+ {[%clk 00:22:03]} {[%emt 00:03:58]} 17. Kh1 {[%clk 00:15:32]}
{[%emt 00:00:07]} Nf6 {[%clk 00:22:23]} {[%emt 00:00:10]} 18. Qb5 {[%clk
00:13:02]} {[%emt 00:03:00]} Bb6 {[%clk 00:22:10]} {[%emt 00:00:42]} 19. Rg1
{[%clk 00:13:21]} {[%emt 00:00:11]} Qh5 {[%clk 00:22:30]} {[%emt 00:00:10]} 20.
Rg5 {[%clk 00:12:03]} {[%emt 00:01:48]} Qh4 {[%clk 00:20:50]} {[%emt 00:02:10]}
21. Rg2 {[%clk 00:09:31]} {[%emt 00:03:03]} h6 {[%clk 00:20:50]} {[%emt
00:00:30]} 22. Na3 {[%clk 00:08:11]} {[%emt 00:01:49]} Ne5 {[%clk 00:19:32]}
{[%emt 00:01:48]} 23. Nc4 {[%clk 00:08:15]} {[%emt 00:00:27]} Nxc4 {[%clk
00:19:57]} {[%emt 00:00:05]} 24. Bxc4 {[%clk 00:08:07]} {[%emt 00:00:38]} Rae8
{[%clk 00:15:45]} {[%emt 00:04:41]} 25. Bd2 {[%clk 00:06:12]} {[%emt 00:02:25]}
Re5 {[%clk 00:15:24]} {[%emt 00:00:51]} 26. Qb2 {[%clk 00:06:41]} d5 {[%clk
00:14:11]} {[%emt 00:01:43]} 27. Bxd5 {[%clk 00:05:42]} {[%emt 00:01:28]} Nxd5
{[%clk 00:14:36]} {[%emt 00:00:07]} 28. exd5 {[%clk 00:06:10]} {[%emt
00:00:02]} Rxd5 {[%clk 00:15:00]} {[%emt 00:00:06]} 29. Rag1 {[%clk 00:06:12]}
{[%emt 00:00:29]} g6 {[%clk 00:13:04]} {[%emt 00:02:25]} 30. c4 {[%clk
00:05:15]} {[%emt 00:01:28]} Rd6 {[%clk 00:11:51]} {[%emt 00:01:42]} 31. Bb4
{[%clk 00:05:19]} {[%emt 00:00:26]} Qf6 {[%clk 00:10:39]} {[%emt 00:01:41]} 32.
Qa3 {[%clk 00:04:46]} {[%emt 00:01:04]} Rdd8 {[%clk 00:10:19]} {[%emt
00:00:49]} 33. Bxf8 Rxf8 {[%clk 00:10:48]} 34. Qd3 {[%clk 00:04:15]} {[%emt
00:00:28]} Kg7 {[%clk 00:09:54]} {[%emt 00:01:24]} 35. Qe4 {[%clk 00:04:43]}
{[%emt 00:00:01]} Qc6 {[%clk 00:03:53]} {[%emt 00:06:31]} 36. Qxc6 bxc6 {[%clk
00:04:22]} 37. Rc1 {[%clk 00:03:22]} {[%emt 00:00:15]} Bc5 {[%clk 00:04:01]}
{[%emt 00:00:51]} 38. Ra1 {[%clk 00:02:22]} {[%emt 00:01:30]} Re8 {[%clk
00:03:29]} {[%emt 00:01:02]} 39. Ra6 {[%clk 00:02:12]} {[%emt 00:00:40]} Re6
{[%clk 00:02:34]} {[%emt 00:01:25]} 40. Rg1 {[%clk 00:00:44]} {[%emt 00:01:57]}
Bxf2 {[%clk 00:01:50]} {[%emt 00:01:15]} 41. Rd1 {[%clk 00:00:47]} {[%emt
00:00:27]} f5 {[%clk 00:29:04]} {[%emt 00:03:16]} 42. Rd8 {[%clk 00:27:28]}
{[%emt 00:03:48]} Bb6 {[%clk 00:09:17]} {[%emt 00:20:17]} 43. Rc8 {[%clk
00:26:41]} {[%emt 00:01:17]} c5 {[%clk 00:09:41]} {[%emt 00:00:06]} 44. Ra2
{[%clk 00:25:27]} {[%emt 00:01:44]} Re1+ {[%clk 00:07:53]} {[%emt 00:02:19]}
45. Kg2 {[%clk 00:25:51]} {[%emt 00:00:05]} Rc1 {[%clk 00:08:18]} {[%emt
00:00:05]} 46. Rd2 {[%clk 00:24:43]} {[%emt 00:01:38]} Rxc4 {[%clk 00:08:43]}
{[%emt 00:00:06]} 47. Rc6 {[%clk 00:25:05]} {[%emt 00:00:07]} Rd4 {[%clk
00:08:39]} {[%emt 00:00:35]} 48. Re2 {[%clk 00:24:57]} {[%emt 00:00:38]} g5
{[%clk 00:06:19]} {[%emt 00:02:50]} 49. Re7+ {[%clk 00:24:56]} {[%emt
00:00:31]} Kf8 {[%clk 00:06:39]} {[%emt 00:00:10]} 50. Rh7 {[%clk 00:24:46]}
{[%emt 00:00:39]} g4 {[%clk 00:05:09]} {[%emt 00:02:00]} 51. f4 {[%clk
00:22:17]} {[%emt 00:02:59]} Kg8 {[%clk 00:04:16]} {[%emt 00:01:25]} 52. Rb7
{[%clk 00:22:26]} {[%emt 00:00:20]} c4 {[%clk 00:03:23]} {[%emt 00:01:23]} 53.
Rg6+ {[%clk 00:22:36]} {[%emt 00:00:19]} Kf8 {[%clk 00:03:39]} {[%emt
00:00:14]} 54. Rxh6 {[%clk 00:22:21]} {[%emt 00:00:45]} Rd2+ {[%clk 00:03:33]}
{[%emt 00:00:36]} 55. Kf1 {[%clk 00:22:41]} {[%emt 00:00:11]} Kg8 {[%clk
00:03:33]} {[%emt 00:00:30]} 56. Rc6 {[%clk 00:22:56]} {[%emt 00:00:14]} Bd8
{[%clk 00:01:58]} {[%emt 00:02:06]} 57. Rxa7 {[%clk 00:22:20]} {[%emt
00:01:06]} Kf8 {[%clk 00:02:15]} {[%emt 00:00:13]} 58. Rxc4 {[%clk 00:19:48]}
{[%emt 00:03:01]} Rxh2 {[%clk 00:02:32]} {[%emt 00:00:13]} 59. Rc5 {[%clk
00:18:44]} {[%emt 00:01:34]} g3 {[%clk 00:01:49]} {[%emt 00:01:14]} 60. Rxf5+
{[%clk 00:18:57]} {[%emt 00:00:17]} Ke8 {[%clk 00:02:18]} 61. Re5+ {[%clk
00:18:13]} {[%emt 00:01:14]} Kf8 {[%clk 00:02:46]} {[%emt 00:00:02]} 62. Ra8
{[%clk 00:15:46]} {[%emt 00:02:58]} Rd2 {[%clk 00:03:02]} {[%emt 00:00:14]} 63.
Rg5 {[%clk 00:13:00]} {[%emt 00:03:15]} Rf2+ {[%clk 00:01:09]} {[%emt
00:02:24]} 64. Kg1 {[%clk 00:13:18]} {[%emt 00:00:10]} Ke7 {[%clk 00:01:33]}
{[%emt 00:00:06]} 65. Re5+ {[%clk 00:13:45]} {[%emt 00:00:04]} Kf6 {[%clk
00:01:55]} {[%emt 00:00:09]} 66. Rxd8 {[%clk 00:13:58]} {[%emt 00:00:16]} Rxf4
{[%clk 00:02:24]} {[%emt 00:00:01]} 67. Ra5 {[%clk 00:14:13]} {[%emt 00:00:15]}
Rf3 {[%clk 00:02:37]} {[%emt 00:00:17]} 68. Rd6+ {[%clk 00:14:39]} {[%emt
00:00:04]} Ke7 {[%clk 00:03:02]} {[%emt 00:00:05]} 69. Rh6 {[%clk 00:15:05]}
{[%emt 00:00:04]} 1-0

[Event "ODJM A 2025"]
[Site "Willingen GER"]
[Date "2025.06.11"]
[Round "5"]
[White "Brau, Luca"]
[Black "Mimkes, Pavel"]
[Result "0-1"]
[Termination "normal"]
[Board "6"]
[WhiteElo "1911"]
[BlackElo "2064"]
[WhiteClock "00:00:31"]
[BlackClock "00:26:40"]
[PlyCount "52"]
[WhiteFideId "34680756"]
[BlackFideId "12990833"]
[EventCountry "GER"]
[EventRounds "9"]
[EventType "swiss"]
[EventDate "2025.06.07"]

1. c4 {[%clk 01:30:57]} {[%emt 00:00:02]} b6 {[%clk 01:30:56]} {[%emt
00:00:05]} 2. d4 {[%clk 01:30:46]} {[%emt 00:00:40]} Nf6 {[%clk 01:31:19]}
{[%emt 00:00:07]} 3. f3 {[%clk 01:30:45]} {[%emt 00:00:31]} Nc6 {[%clk
01:31:35]} {[%emt 00:00:15]} 4. Nc3 {[%clk 01:30:14]} {[%emt 00:01:01]} e5
{[%clk 01:31:42]} {[%emt 00:00:21]} 5. d5 {[%clk 01:28:48]} {[%emt 00:01:57]}
Ne7 {[%clk 01:32:05]} {[%emt 00:00:07]} 6. e4 {[%clk 01:27:46]} {[%emt
00:01:32]} Ng6 {[%clk 01:32:25]} {[%emt 00:00:11]} 7. Bd3 {[%clk 01:21:54]}
{[%emt 00:06:21]} Bc5 {[%clk 01:28:19]} {[%emt 00:04:38]} 8. Nge2 {[%clk
01:20:51]} {[%emt 00:01:33]} Nh4 {[%clk 01:24:17]} {[%emt 00:04:31]} 9. Kf1
{[%clk 01:11:41]} {[%emt 00:09:41]} h6 {[%clk 01:16:44]} {[%emt 00:08:02]} 10.
Na4 {[%clk 01:08:30]} {[%emt 00:03:41]} O-O {[%clk 01:15:03]} {[%emt 00:02:11]}
11. Nxc5 {[%clk 01:07:43]} {[%emt 00:01:17]} bxc5 {[%clk 01:15:23]} {[%emt
00:00:10]} 12. Be3 {[%clk 01:06:39]} {[%emt 00:01:34]} d6 {[%clk 01:15:25]}
{[%emt 00:00:29]} 13. Qd2 {[%clk 01:02:56]} {[%emt 00:04:12]} Rb8 {[%clk
01:01:48]} {[%emt 00:14:07]} 14. Ng3 {[%clk 00:52:28]} {[%emt 00:10:58]} Nh7
{[%clk 00:58:08]} {[%emt 00:04:09]} 15. Qc2 {[%clk 00:42:10]} {[%emt 00:10:50]}
Qe8 {[%clk 00:53:09]} {[%emt 00:05:28]} 16. Nf5 {[%emt 00:07:18]} Nxf5 17. exf5
{[%clk 00:35:06]} e4 {[%clk 00:36:15]} {[%emt 00:00:10]} 18. Bxe4 {[%clk
00:30:19]} {[%emt 00:05:17]} Qe5 {[%clk 00:36:24]} {[%emt 00:00:20]} 19. Rb1
{[%clk 00:27:45]} {[%emt 00:03:05]} Nf6 {[%clk 00:35:55]} {[%emt 00:00:58]} 20.
Kf2 {[%clk 00:12:46]} {[%emt 00:15:30]} Re8 {[%clk 00:35:25]} {[%emt 00:01:00]}
21. Qe2 {[%clk 00:07:40]} {[%emt 00:05:35]} Nxe4+ {[%clk 00:34:15]} {[%emt
00:01:40]} 22. fxe4 {[%clk 00:08:04]} {[%emt 00:00:05]} Qxe4 {[%clk 00:34:36]}
{[%emt 00:00:10]} 23. g4 {[%clk 00:06:51]} {[%emt 00:01:43]} Ba6 {[%clk
00:26:34]} {[%emt 00:08:32]} 24. Rhc1 {[%emt 00:06:49]} Bxc4 {[%clk 00:26:19]}
{[%emt 00:00:44]} 25. Qxc4 {[%clk 00:00:53]} {[%emt 00:00:10]} Qxe3+ {[%clk
00:26:40]} {[%emt 00:00:09]} 26. Kg2 {[%clk 00:00:31]} {[%emt 00:00:51]} Re4
{[%clk 00:26:40]} {[%emt 00:00:31]} 0-1

[Event "ODJM A 2025"]
[Site "Willingen GER"]
[Date "2025.06.11"]
[Round "5"]
[White "Menzel, Maximilian"]
[Black "Fellberg, Justus"]
[Result "1-0"]
[Termination "normal"]
[Board "7"]
[WhiteElo "2199"]
[BlackElo "1812"]
[WhiteClock "00:30:56"]
[BlackClock "00:20:56"]
[PlyCount "101"]
[WhiteFideId "34617280"]
[BlackFideId "34608990"]
[EventCountry "GER"]
[EventRounds "9"]
[EventType "swiss"]
[EventDate "2025.06.07"]

1. d4 {[%clk 01:30:52]} {[%emt 00:00:07]} Nf6 {[%clk 01:30:57]} {[%emt
00:00:03]} 2. Nf3 {[%clk 01:31:19]} {[%emt 00:00:03]} e6 {[%clk 01:31:22]}
{[%emt 00:00:06]} 3. c4 {[%clk 01:31:28]} {[%emt 00:00:20]} d5 {[%clk
01:30:44]} {[%emt 00:01:09]} 4. g3 {[%clk 01:27:12]} {[%emt 00:04:46]} Be7
{[%clk 01:31:07]} {[%emt 00:00:08]} 5. Bg2 {[%clk 01:27:34]} {[%emt 00:00:08]}
O-O {[%clk 01:31:30]} {[%emt 00:00:06]} 6. O-O {[%clk 01:27:58]} {[%emt
00:00:06]} dxc4 {[%clk 01:30:06]} {[%emt 00:01:54]} 7. Qc2 {[%clk 01:28:20]}
{[%emt 00:00:09]} a6 {[%clk 01:20:08]} {[%emt 00:10:28]} 8. a4 {[%clk
01:28:44]} {[%emt 00:00:07]} Bd7 {[%clk 01:12:11]} {[%emt 00:08:27]} 9. Qxc4
{[%clk 01:29:02]} {[%emt 00:00:10]} Bc6 {[%clk 01:11:27]} {[%emt 00:01:14]} 10.
Bg5 {[%clk 01:29:17]} {[%emt 00:00:15]} Bd5 {[%clk 01:11:12]} {[%emt 00:00:46]}
11. Qc2 {[%clk 01:29:30]} {[%emt 00:00:15]} Be4 {[%clk 01:11:18]} {[%emt
00:00:26]} 12. Qc1 {[%clk 01:29:48]} {[%emt 00:00:11]} h6 {[%clk 01:11:04]}
{[%emt 00:00:44]} 13. Bxf6 {[%clk 01:28:37]} {[%emt 00:01:41]} Bxf6 {[%clk
01:11:31]} {[%emt 00:00:04]} 14. Rd1 {[%clk 01:22:44]} {[%emt 00:06:23]} c6
{[%clk 01:11:13]} {[%emt 00:00:47]} 15. Nc3 {[%clk 01:14:44]} {[%emt 00:08:31]}
Bxf3 {[%clk 01:11:28]} {[%emt 00:00:15]} 16. Bxf3 {[%clk 01:15:07]} {[%emt
00:00:06]} a5 {[%clk 01:11:49]} {[%emt 00:00:09]} 17. e3 {[%clk 01:14:04]}
{[%emt 00:01:32]} Na6 {[%clk 01:12:09]} {[%emt 00:00:11]} 18. Ne4 {[%clk
01:05:34]} {[%emt 00:09:01]} Be7 {[%clk 01:10:16]} {[%emt 00:02:22]} 19. Qc4
{[%clk 01:03:55]} {[%emt 00:02:08]} Qc7 {[%clk 01:08:46]} {[%emt 00:02:02]} 20.
Rac1 {[%clk 01:01:31]} {[%emt 00:02:53]} Rac8 {[%clk 01:08:37]} {[%emt
00:00:40]} 21. Qe2 {[%clk 00:59:43]} {[%emt 00:02:17]} Nb4 {[%clk 01:05:55]}
{[%emt 00:03:12]} 22. Nd2 {[%clk 00:56:04]} {[%emt 00:04:10]} Rfd8 {[%clk
01:01:29]} {[%emt 00:04:56]} 23. Nc4 {[%clk 00:52:22]} {[%emt 00:04:12]} g6
{[%clk 00:53:16]} {[%emt 00:08:43]} 24. h4 {[%clk 00:50:55]} {[%emt 00:01:56]}
Kg7 {[%clk 00:40:47]} {[%emt 00:12:59]} 25. h5 {[%clk 00:48:38]} {[%emt
00:02:47]} g5 {[%clk 00:40:31]} {[%emt 00:00:46]} 26. Be4 {[%clk 00:47:42]}
{[%emt 00:01:26]} Bf6 {[%clk 00:32:17]} {[%emt 00:08:44]} 27. Qf3 {[%clk
00:46:50]} {[%emt 00:01:22]} b6 {[%clk 00:29:29]} {[%emt 00:03:19]} 28. Bb1
{[%clk 00:40:49]} {[%emt 00:06:30]} Qa7 {[%clk 00:28:36]} {[%emt 00:01:22]} 29.
Qe4 {[%clk 00:40:07]} {[%emt 00:01:13]} Rh8 {[%clk 00:28:56]} {[%emt 00:00:11]}
30. Ne5 {[%clk 00:37:15]} {[%emt 00:03:20]} Qc7 {[%clk 00:25:39]} {[%emt
00:03:46]} 31. Ng4 {[%clk 00:30:08]} {[%emt 00:07:37]} Qe7 {[%clk 00:19:30]}
{[%emt 00:06:40]} 32. Rf1 {[%clk 00:23:12]} {[%emt 00:07:25]} Kf8 {[%clk
00:13:58]} {[%emt 00:06:04]} 33. f4 {[%clk 00:20:43]} {[%emt 00:02:59]} Bg7
{[%clk 00:13:45]} {[%emt 00:00:43]} 34. f5 {[%clk 00:19:32]} {[%emt 00:01:40]}
exf5 {[%clk 00:12:37]} {[%emt 00:01:39]} 35. Qxf5 {[%clk 00:19:41]} {[%emt
00:00:21]} Rc7 {[%clk 00:12:12]} {[%emt 00:00:56]} 36. Rf3 {[%clk 00:18:24]}
{[%emt 00:01:46]} Ke8 {[%clk 00:11:37]} {[%emt 00:01:05]} 37. Rcf1 {[%clk
00:18:00]} {[%emt 00:00:53]} f6 {[%clk 00:05:32]} {[%emt 00:06:37]} 38. Qg6+
{[%clk 00:13:41]} {[%emt 00:04:49]} Kd8 {[%clk 00:05:50]} {[%emt 00:00:11]} 39.
Nxf6 {[%clk 00:12:43]} {[%emt 00:01:28]} Bxf6 {[%clk 00:04:59]} {[%emt
00:01:20]} 40. Qxf6 {[%clk 00:12:58]} {[%emt 00:00:15]} Qxf6 {[%clk 00:04:25]}
{[%emt 00:01:05]} 41. Rxf6 {[%clk 00:13:25]} {[%emt 00:00:03]} Nd5 {[%clk
00:03:27]} {[%emt 00:01:27]} 42. R6f3 {[%clk 00:10:59]} {[%emt 00:02:55]} g4
{[%clk 00:02:57]} {[%emt 00:01:03]} 43. Rf8+ {[%clk 00:10:56]} {[%emt
00:00:31]} Rxf8 {[%clk 00:03:22]} {[%emt 00:00:05]} 44. Rxf8+ {[%clk 00:11:23]}
{[%emt 00:00:04]} Ke7 {[%clk 00:03:44]} {[%emt 00:00:07]} 45. Rh8 {[%clk
00:11:30]} {[%emt 00:00:22]} Nxe3 {[%clk 00:03:45]} {[%emt 00:00:30]} 46. Rxh6
{[%clk 00:11:47]} {[%emt 00:00:12]} Rc8 {[%clk 00:03:41]} {[%emt 00:00:35]} 47.
Ba2 {[%clk 00:03:25]} {[%emt 00:08:52]} Nd1 {[%clk 00:23:17]} {[%emt 00:10:54]}
48. Re6+ {[%clk 00:32:52]} {[%emt 00:01:03]} Kf8 {[%clk 00:23:04]} {[%emt
00:00:43]} 49. h6 {[%clk 00:31:12]} {[%emt 00:02:10]} Nxb2 {[%emt 00:02:18]}
50. Rg6 {[%clk 00:31:01]} {[%emt 00:00:34]} Ke7 {[%clk 00:20:56]} {[%emt
00:00:58]} 51. Bg8 {[%clk 00:30:56]} {[%emt 00:00:34]} 1-0